000 00802nam a2200253 i 4500
001 86327
003 ES-MaACL
005 20230906175424.0
007 t|
008 041221s1998 sp ||||1| spa d
080 _a7.032.6
080 _a7.032.7
245 0 0 _aGrecia y Roma [
_hRecurso electrónico].
260 _a[Madrid :
_bMihail Soft,
_c1998]
300 _a1 disco compacto (CD-ROM) ;
_c12 cm.
490 1 _aHistoria universal del arte
500 _aCaracterísticas del sistema: Multimedia PC, Windows 3.1 ó superior.
500 _aDistribuido gratuitamente con la revista Historia 16.
650 4 _aArte griego-
_vCD-ROM.
_910223
650 1 4 _aArte romano-
_vCD-ROM.
_910315
830 0 _aHistoria universal del arte
_9183964
852 _aES-MaACL
_jROT 1/5/10
999 _c86327
_d86327